[Event "Qualifyer Villarobledo - Final"]
[Site "playchess.com #155699"]
[Date "2009.05.23"]
[Round "2"]
[White "Us6"]
[Black "Necromant"]
[Result "1-0"]
[WhiteElo "2601"]
[BlackElo "2577"]
[PlyCount "73"]
[EventDate "2009.05.23"]
[EventType "tourn (blitz)"]

1. d4 {[%emt 0:00:01]} Nf6 {[%emt 0:00:01]} 2. Nf3 {[%emt 0:00:01]} g6 {[%emt
0:00:01]} 3. g3 {[%emt 0:00:03]} Bg7 {[%emt 0:00:01]} 4. Bg2 {[%emt 0:00:00]}
O-O {[%emt 0:00:01]} 5. O-O {[%emt 0:00:01]} d5 {[%emt 0:00:01]} 6. b3 {[%emt
0:00:01]} Bf5 {[%emt 0:00:03]} 7. Bb2 {[%emt 0:00:01]} Nc6 {[%emt 0:00:01]} 8.
Nbd2 {[%emt 0:00:02]} Qc8 {[%emt 0:00:03]} 9. Ne5 {[%emt 0:00:12]} Nxe5 {[%emt
0:00:06]} 10. dxe5 {[%emt 0:00:01]} Ne4 {[%emt 0:00:03]} 11. Nxe4 {[%emt 0:00:
02]} Bxe4 {[%emt 0:00:06]} 12. f3 {[%emt 0:00:03]} Bf5 {[%emt 0:00:04]} 13.
Qxd5 {[%emt 0:00:01]} Bxc2 {[%emt 0:00:07]} 14. Rac1 {[%emt 0:00:02]} Bf5 {
[%emt 0:00:05]} 15. e4 {[%emt 0:00:01]} Bd7 {[%emt 0:00:47]} 16. Qc5 {[%emt 0:
00:13]} Bc6 {[%emt 0:00:09]} 17. Qxe7 {[%emt 0:00:03]} Re8 {[%emt 0:00:04]} 18.
Qc5 {[%emt 0:00:01]} Qe6 {[%emt 0:00:10]} 19. f4 {[%emt 0:00:03]} Rad8 {[%emt
0:00:01]} 20. Rfd1 {[%emt 0:00:26]} Qg4 {[%emt 0:00:07]} 21. Qc2 {[%emt 0:00:
32]} g5 {[%emt 0:00:02]} 22. Rxd8 {[%emt 0:00:12]} Rxd8 {[%emt 0:00:02]} 23. f5
{[%emt 0:00:01]} Bf8 {[%emt 0:00:23]} 24. e6 {[%emt 0:00:52]} fxe6 {[%emt 0:00:
03]} 25. Qc3 {[%emt 0:00:03]} Rd1+ {[%emt 0:01:01] '} 26. Rxd1 {[%emt 0:00:10]}
Qxd1+ {[%emt 0:00:00]} 27. Bf1 {[%emt 0:00:01]} e5 {[%emt 0:00:16]} 28. Qc4+ {
[%emt 0:00:10]} Kg7 {[%emt 0:00:04]} 29. Bxe5+ {[%emt 0:00:01]} Kh6 {[%emt 0:
00:01]} 30. Qe6+ {[%emt 0:00:23] .} Kh5 {[%emt 0:00:01]} 31. Qf7+ {[%emt 0:00:
11]} Kg4 {[%emt 0:00:01]} 32. h3+ {[%emt 0:00:00]} Kf3 {[%emt 0:00:03]} 33.
Qh5+ {[%emt 0:00:00]} Kxe4 {[%emt 0:00:01]} 34. Qxd1 {[%emt 0:00:01]} Bc5+ {
[%emt 0:00:01]} 35. Kh2 {[%emt 0:00:01]} Kxe5 {[%emt 0:00:00]} 36. Qe2+ {[%emt
0:00:00]} Be4 {[%emt 0:00:01]} 37. Bg2 {[%emt 0:00:01] Necromant resigns} 1-0

[Event "Qualifyer Villarobledo - Final"]
[Site "playchess.com #155699"]
[Date "2009.05.23"]
[Round "2"]
[White "Novoselski"]
[Black "Hauberk"]
[Result "1/2-1/2"]
[WhiteElo "2543"]
[BlackElo "2339"]
[PlyCount "110"]
[EventDate "2009.05.23"]
[EventType "tourn (blitz)"]

1. g3 {[%emt 0:00:01]} g6 {[%emt 0:00:03]} 2. Bg2 {[%emt 0:00:00]} Bg7 {[%emt
0:00:01]} 3. e4 {[%emt 0:00:01]} e5 {[%emt 0:00:04]} 4. Ne2 {[%emt 0:00:03]}
Ne7 {[%emt 0:00:01]} 5. O-O {[%emt 0:00:01]} d5 {[%emt 0:00:04]} 6. exd5 {
[%emt 0:00:12]} Nxd5 {[%emt 0:00:02]} 7. Nbc3 {[%emt 0:00:01]} c6 {[%emt 0:00:
04]} 8. Nxd5 {[%emt 0:00:05]} cxd5 {[%emt 0:00:01]} 9. c4 {[%emt 0:00:01]} dxc4
{[%emt 0:00:08]} 10. Qa4+ {[%emt 0:00:05]} Bd7 {[%emt 0:00:01]} 11. Qxc4 {
[%emt 0:00:01]} Bc6 {[%emt 0:00:01]} 12. Qb4 {[%emt 0:00:18]} Bxg2 {[%emt 0:00:
06]} 13. Kxg2 {[%emt 0:00:03]} Qd5+ {[%emt 0:00:01]} 14. Kg1 {[%emt 0:00:02]}
Nc6 {[%emt 0:00:01]} 15. Qxb7 {[%emt 0:00:09]} O-O {[%emt 0:00:03]} 16. Qb3 {
[%emt 0:00:06]} Qxb3 {[%emt 0:00:09]} 17. axb3 {[%emt 0:00:00]} Rab8 {[%emt 0:
00:04]} 18. Ra3 {[%emt 0:00:06]} Rfc8 {[%emt 0:00:06]} 19. d3 {[%emt 0:00:06]}
Bf8 {[%emt 0:00:01]} 20. Ra2 {[%emt 0:00:09]} Rxb3 {[%emt 0:00:01]} 21. Be3 {
[%emt 0:00:06]} Rxd3 {[%emt 0:00:03]} 22. Nc3 {[%emt 0:00:09]} a5 {[%emt 0:00:
09]} 23. Raa1 {[%emt 0:00:27]} Bb4 {[%emt 0:00:02]} 24. Ne2 {[%emt 0:00:08]}
Nd4 {[%emt 0:00:12]} 25. Bxd4 {[%emt 0:00:06]} exd4 {[%emt 0:00:02]} 26. Rfd1 {
[%emt 0:00:02]} Rxd1+ {[%emt 0:00:05]} 27. Rxd1 {[%emt 0:00:02]} Rc2 {[%emt 0:
00:00]} 28. Nxd4 {[%emt 0:00:02]} Rxb2 {[%emt 0:00:01]} 29. Nc6 {[%emt 0:00:03]
} Bc3 {[%emt 0:00:06]} 30. Rc1 {[%emt 0:00:08]} Bf6 {[%emt 0:00:02]} 31. Nxa5 {
[%emt 0:00:04]} Bd4 {[%emt 0:00:06]} 32. Rf1 {[%emt 0:00:04]} h5 {[%emt 0:00:
02]} 33. Nc4 {[%emt 0:00:03]} Rc2 {[%emt 0:00:01]} 34. Nd6 {[%emt 0:00:05]} f5
{[%emt 0:00:05]} 35. Nb5 {[%emt 0:00:12]} Bc5 {[%emt 0:00:02]} 36. Nc7 {[%emt
0:00:06]} Kf7 {[%emt 0:00:02]} 37. Nd5 {[%emt 0:00:02]} g5 {[%emt 0:00:05]} 38.
Ne3 {[%emt 0:00:05]} Bxe3 {[%emt 0:00:12]} 39. fxe3 {[%emt 0:00:00]} Ke6 {
[%emt 0:00:00]} 40. Ra1 {[%emt 0:00:02]} Ke5 {[%emt 0:00:02]} 41. Ra5+ {[%emt
0:00:10]} Ke4 {[%emt 0:00:01]} 42. Rb5 {[%emt 0:00:01]} Re2 {[%emt 0:00:06]}
43. Rb4+ {[%emt 0:00:06]} Kf3 {[%emt 0:00:04]} 44. Rb1 {[%emt 0:00:08]} Rxe3 {
[%emt 0:00:16]} 45. Rf1+ {[%emt 0:00:02]} Kg4 {[%emt 0:00:02]} 46. Ra1 {[%emt
0:00:00]} Re2 {[%emt 0:00:05]} 47. Ra8 {[%emt 0:00:04]} Kh3 {[%emt 0:00:07]}
48. Rh8 {[%emt 0:00:02]} Rg2+ {[%emt 0:00:19]} 49. Kf1 {[%emt 0:00:01]} h4 {
[%emt 0:00:02]} 50. gxh4 {[%emt 0:00:01]} g4 {[%emt 0:00:04]} 51. Rf8 {[%emt 0:
00:11]} Kxh2 {[%emt 0:00:06]} 52. Rxf5 {[%emt 0:00:05]} Kg3 {[%emt 0:00:10]}
53. h5 {[%emt 0:00:02]} Rh2 {[%emt 0:00:02]} 54. Ra5 {[%emt 0:00:01]} Rh4 {
[%emt 0:00:07]} 55. Kg1 {[%emt 0:00:01]} Kh3 {[%emt 0:00:03] Hauberk offers a
draw} 1/2-1/2

[Event "Qualifyer Villarobledo - Final"]
[Site "playchess.com #155699"]
[Date "2009.05.23"]
[Round "2"]
[White "Yang Guo"]
[Black "Africanchamp"]
[Result "1/2-1/2"]
[WhiteElo "2831"]
[BlackElo "2821"]
[PlyCount "160"]
[EventDate "2009.05.23"]
[EventType "tourn (blitz)"]

1. e4 {[%emt 0:00:01]} c5 {[%emt 0:00:02]} 2. Nf3 {[%emt 0:00:01]} e6 {[%emt 0:
00:01]} 3. d4 {[%emt 0:00:01]} cxd4 {[%emt 0:00:01]} 4. Nxd4 {[%emt 0:00:00]}
a6 {[%emt 0:00:01]} 5. Nc3 {[%emt 0:00:01]} Qc7 {[%emt 0:00:01]} 6. Bd3 {[%emt
0:00:01]} Nf6 {[%emt 0:00:01]} 7. O-O {[%emt 0:00:01]} d6 {[%emt 0:00:01]} 8.
Be3 {[%emt 0:00:05]} b5 {[%emt 0:00:02]} 9. f4 {[%emt 0:00:20]} Bb7 {[%emt 0:
00:01]} 10. a3 {[%emt 0:00:04]} Nbd7 {[%emt 0:00:02]} 11. Qf3 {[%emt 0:00:03]}
g6 {[%emt 0:00:11]} 12. Rae1 {[%emt 0:00:03]} Bg7 {[%emt 0:00:01]} 13. Qg3 {
[%emt 0:00:17]} O-O {[%emt 0:00:09]} 14. Qh4 {[%emt 0:00:12]} Nc5 {[%emt 0:00:
28]} 15. f5 {[%emt 0:00:03]} e5 {[%emt 0:00:01]} 16. Nf3 {[%emt 0:00:10]} d5 {
[%emt 0:00:01]} 17. exd5 {[%emt 0:00:09]} e4 {[%emt 0:00:10]} 18. Nxe4 {[%emt
0:00:24]} Ncxe4 {[%emt 0:00:02]} 19. Bxe4 {[%emt 0:00:00]} Nxe4 {[%emt 0:00:09]
} 20. Qxe4 {[%emt 0:00:00]} Rfe8 {[%emt 0:00:02]} 21. Qh4 {[%emt 0:00:21]} Bxd5
{[%emt 0:00:02]} 22. fxg6 {[%emt 0:00:02]} fxg6 {[%emt 0:00:10]} 23. c3 {[%emt
0:00:06]} Re4 {[%emt 0:00:06]} 24. Qh3 {[%emt 0:00:07]} Be6 {[%emt 0:00:06]}
25. Qg3 {[%emt 0:00:02]} Qxg3 {[%emt 0:00:03]} 26. hxg3 {[%emt 0:00:00]} h6 {
[%emt 0:00:15]} 27. Bd4 {[%emt 0:00:02]} Bd5 {[%emt 0:00:11]} 28. Bxg7 {[%emt
0:00:03]} Kxg7 {[%emt 0:00:03]} 29. Rxe4 {[%emt 0:00:11]} Bxe4 {[%emt 0:00:01]}
30. Re1 {[%emt 0:00:01]} Bxf3 {[%emt 0:00:13]} 31. gxf3 {[%emt 0:00:00]} Kf6 {
[%emt 0:00:01]} 32. Kf2 {[%emt 0:00:02]} a5 {[%emt 0:00:02]} 33. Re4 {[%emt 0:
00:03]} h5 {[%emt 0:00:09]} 34. a4 {[%emt 0:00:04]} bxa4 {[%emt 0:00:02]} 35.
Rxa4 {[%emt 0:00:00]} Rb8 {[%emt 0:00:01]} 36. Rxa5 {[%emt 0:00:27]} Rxb2+ {
[%emt 0:00:02]} 37. Ke3 {[%emt 0:00:00]} Rc2 {[%emt 0:00:11]} 38. Rc5 {[%emt 0:
00:03]} g5 {[%emt 0:00:15]} 39. f4 {[%emt 0:00:04]} gxf4+ {[%emt 0:00:05]} 40.
Kxf4 {[%emt 0:00:00]} Rf2+ {[%emt 0:00:04]} 41. Ke4 {[%emt 0:00:02]} Rg2 {
[%emt 0:00:10]} 42. Kf3 {[%emt 0:00:06]} Rc2 {[%emt 0:00:02]} 43. c4 {[%emt 0:
00:01]} Rc1 {[%emt 0:00:06]} 44. Ke4 {[%emt 0:00:06]} Re1+ {[%emt 0:00:08]} 45.
Kd4 {[%emt 0:00:15]} Rd1+ {[%emt 0:00:02]} 46. Ke4 {[%emt 0:00:01]} Re1+ {
[%emt 0:00:05]} 47. Kd3 {[%emt 0:00:08]} Rg1 {[%emt 0:00:01]} 48. Rxh5 {[%emt
0:00:03]} Rxg3+ {[%emt 0:00:01]} 49. Kd4 {[%emt 0:00:01]} Ke6 {[%emt 0:00:01]}
50. Rd5 {[%emt 0:00:01]} Rg8 {[%emt 0:00:11]} 51. Kc5 {[%emt 0:00:10]} Rc8+ {
[%emt 0:00:02]} 52. Kb4 {[%emt 0:00:01]} Rb8+ {[%emt 0:00:03]} 53. Rb5 {[%emt
0:00:02]} Rc8 {[%emt 0:00:01]} 54. Rb6+ {[%emt 0:00:03]} Kd7 {[%emt 0:00:02]}
55. c5 {[%emt 0:00:04]} Rh8 {[%emt 0:00:02]} 56. Kb5 {[%emt 0:00:00]} Kc7 {
[%emt 0:00:02]} 57. Rc6+ {[%emt 0:00:03]} Kb7 {[%emt 0:00:02]} 58. Rg6 {[%emt
0:00:01]} Rh1 {[%emt 0:00:03]} 59. Rg7+ {[%emt 0:00:01]} Kb8 {[%emt 0:00:07]}
60. Kb6 {[%emt 0:00:02]} Rb1+ {[%emt 0:00:01]} 61. Kc6 {[%emt 0:00:01]} Rh1 {
[%emt 0:00:05]} 62. Rg8+ {[%emt 0:00:02]} Ka7 {[%emt 0:00:01]} 63. Rg7+ {[%emt
0:00:01]} Kb8 {[%emt 0:00:01]} 64. Rg6 {[%emt 0:00:07]} Rh7 {[%emt 0:00:06]}
65. Rd6 {[%emt 0:00:03]} Rc7+ {[%emt 0:00:02]} 66. Kb6 {[%emt 0:00:02]} Rb7+ {
[%emt 0:00:01]} 67. Kc6 {[%emt 0:00:02]} Rc7+ {[%emt 0:00:00]} 68. Kd5 {[%emt
0:00:01]} Kb7 {[%emt 0:00:01]} 69. Rb6+ {[%emt 0:00:04]} Ka7 {[%emt 0:00:05]}
70. Rc6 {[%emt 0:00:02]} Rh7 {[%emt 0:00:02]} 71. Re6 {[%emt 0:00:01]} Kb7 {
[%emt 0:00:02]} 72. Kd6 {[%emt 0:00:01]} Rg7 {[%emt 0:00:05]} 73. Rf6 {[%emt 0:
00:05]} Rh7 {[%emt 0:00:02]} 74. c6+ {[%emt 0:00:03]} Kb6 {[%emt 0:00:01]} 75.
Re6 {[%emt 0:00:00]} Rc7 {[%emt 0:00:02]} 76. Kd5 {[%emt 0:00:01]} Rh7 {[%emt
0:00:02]} 77. Rd6 {[%emt 0:00:01]} Kc7 {[%emt 0:00:06]} 78. Re6 {[%emt 0:00:02]
} Rh5+ {[%emt 0:00:01]} 79. Re5 {[%emt 0:00:04]} Rxe5+ {[%emt 0:00:01]} 80.
Kxe5 {[%emt 0:00:00]} Kxc6 {[%emt 0:00:00]} 1/2-1/2

[Event "Qualifyer Villarobledo - Final"]
[Site "playchess.com #155699"]
[Date "2009.05.23"]
[Round "3"]
[White "Mtv star"]
[Black "Yang Guo"]
[Result "1-0"]
[WhiteElo "2354"]
[BlackElo "2830"]
[PlyCount "59"]
[EventDate "2009.05.23"]
[EventType "tourn (blitz)"]

1. d4 {[%emt 0:00:00]} Nf6 {[%emt 0:00:03]} 2. Nf3 {[%emt 0:00:00]} e6 {[%emt
0:00:03]} 3. Bg5 {[%emt 0:00:01]} h6 {[%emt 0:00:02]} 4. Bh4 {[%emt 0:00:02]
Mtv star offers a draw} d6 {[%emt 0:00:01]} 5. e3 {[%emt 0:00:02]} g5 {[%emt 0:
00:04]} 6. Bg3 {[%emt 0:00:01]} Nh5 {[%emt 0:00:01]} 7. Bd3 {[%emt 0:00:04]}
Bg7 {[%emt 0:00:02]} 8. Nbd2 {[%emt 0:00:04]} a6 {[%emt 0:00:02]} 9. c3 {[%emt
0:00:01]} Nd7 {[%emt 0:00:01]} 10. a4 {[%emt 0:00:01]} b6 {[%emt 0:00:04]} 11.
Qe2 {[%emt 0:00:02]} Bb7 {[%emt 0:00:02]} 12. b4 {[%emt 0:00:04]} Qe7 {[%emt 0:
00:06]} 13. e4 {[%emt 0:00:04]} Nf8 {[%emt 0:00:06]} 14. e5 {[%emt 0:00:07]}
Nxg3 {[%emt 0:00:10]} 15. hxg3 {[%emt 0:00:02]} Nd7 {[%emt 0:00:00]} 16. Nc4 {
[%emt 0:00:11]} dxe5 {[%emt 0:00:11]} 17. Ncxe5 {[%emt 0:00:03]} Nxe5 {[%emt 0:
00:02]} 18. dxe5 {[%emt 0:00:09]} g4 {[%emt 0:00:13]} 19. Nd4 {[%emt 0:00:18]}
Bxg2 {[%emt 0:00:05]} 20. Be4 {[%emt 0:00:18]} Bxh1 {[%emt 0:00:16]} 21. Bxh1 {
[%emt 0:00:02]} Qd8 {[%emt 0:00:20]} 22. O-O-O {[%emt 0:00:19]} Qc8 {[%emt 0:
00:04]} 23. Nc6 {[%emt 0:00:23]} h5 {[%emt 0:00:12]} 24. Kb2 {[%emt 0:00:21]}
Kf8 {[%emt 0:00:03]} 25. Qe3 {[%emt 0:00:21]} Qe8 {[%emt 0:00:10]} 26. a5 {
[%emt 0:00:07]} bxa5 {[%emt 0:00:04]} 27. Qc5+ {[%emt 0:00:01]} Kg8 {[%emt 0:
00:01]} 28. Ne7+ {[%emt 0:00:03]} Kf8 {[%emt 0:00:10]} 29. Bxa8 {[%emt 0:00:23]
} Qxe7 {[%emt 0:00:11]} 30. Rd8# {[%emt 0:00:03]} 1-0

[Event "Qualifyer Villarobledo - Final"]
[Site "playchess.com #155699"]
[Date "2009.05.23"]
[Round "3"]
[White "Africanchamp"]
[Black "Artur95"]
[Result "1-0"]
[WhiteElo "2821"]
[BlackElo "2446"]
[PlyCount "81"]
[EventDate "2009.05.23"]
[EventType "tourn (blitz)"]

1. e4 {[%emt 0:00:02]} c5 {[%emt 0:00:01]} 2. Nf3 {[%emt 0:00:02]} d6 {[%emt 0:
00:01]} 3. d4 {[%emt 0:00:01]} cxd4 {[%emt 0:00:00]} 4. Nxd4 {[%emt 0:00:01]}
Nf6 {[%emt 0:00:01]} 5. Nc3 {[%emt 0:00:01]} g6 {[%emt 0:00:00]} 6. g3 {[%emt
0:00:01]} Bg7 {[%emt 0:00:01]} 7. Bg2 {[%emt 0:00:01]} O-O {[%emt 0:00:02]} 8.
O-O {[%emt 0:00:01]} Nc6 {[%emt 0:00:01]} 9. Nde2 {[%emt 0:00:01]} a6 {[%emt 0:
00:04]} 10. h3 {[%emt 0:00:01]} Rb8 {[%emt 0:00:01]} 11. a4 {[%emt 0:00:01]} b5
{[%emt 0:00:02]} 12. axb5 {[%emt 0:00:01]} axb5 {[%emt 0:00:00]} 13. Nd5 {
[%emt 0:00:03]} Nxd5 {[%emt 0:00:02]} 14. exd5 {[%emt 0:00:02]} Ne5 {[%emt 0:
00:00]} 15. Ra2 {[%emt 0:00:05]} b4 {[%emt 0:00:01]} 16. b3 {[%emt 0:00:01]}
Bb7 {[%emt 0:00:10]} 17. Nd4 {[%emt 0:00:03]} Ra8 {[%emt 0:00:08]} 18. Rxa8 {
[%emt 0:00:04]} Qxa8 {[%emt 0:00:00]} 19. f4 {[%emt 0:00:01]} Nd7 {[%emt 0:00:
36]} 20. Nc6 {[%emt 0:00:02]} Bxc6 {[%emt 0:00:02]} 21. dxc6 {[%emt 0:00:01]}
Nc5 {[%emt 0:00:01]} 22. Kh2 {[%emt 0:00:02]} Qc8 {[%emt 0:00:13]} 23. Bd2 {
[%emt 0:00:04]} Na6 {[%emt 0:00:05]} 24. Re1 {[%emt 0:00:04]} Re8 {[%emt 0:00:
01]} 25. Qe2 {[%emt 0:00:08]} Nb8 {[%emt 0:00:07]} 26. Qb5 {[%emt 0:00:02]} Bc3
{[%emt 0:00:04]} 27. Bxc3 {[%emt 0:00:07]} bxc3 {[%emt 0:00:00]} 28. Re3 {
[%emt 0:00:15]} Na6 {[%emt 0:00:33]} 29. Qb7 {[%emt 0:00:15]} Qxb7 {[%emt 0:00:
30]} 30. cxb7 {[%emt 0:00:02]} Nc5 {[%emt 0:00:02]} 31. Rxe7 {[%emt 0:00:03]}
Rf8 {[%emt 0:00:31]} 32. Bd5 {[%emt 0:00:04]} Na6 {[%emt 0:00:05]} 33. b4 {
[%emt 0:00:09]} Nxb4 {[%emt 0:00:11]} 34. Rxf7 {[%emt 0:00:03]} Na6 {[%emt 0:
00:05]} 35. Rd7+ {[%emt 0:00:07]} Kh8 {[%emt 0:00:02]} 36. Rxd6 {[%emt 0:00:01]
} Nb8 {[%emt 0:00:01]} 37. h4 {[%emt 0:00:06]} Kg7 {[%emt 0:00:01]} 38. Be4 {
[%emt 0:00:05]} Rf7 {[%emt 0:00:06]} 39. Kg2 {[%emt 0:00:05]} Rf8 {[%emt 0:00:
03]} 40. Kf3 {[%emt 0:00:01]} Re8 {[%emt 0:00:01]} 41. Rd3 {[%emt 0:00:01]
Artur95 ñäàåòñÿ} 1-0

[Event "Qualifyer Villarobledo - Final"]
[Site "playchess.com #155699"]
[Date "2009.05.23"]
[Round "3"]
[White "Necromant"]
[Black "-st!er-"]
[Result "1-0"]
[WhiteElo "2561"]
[BlackElo "2796"]
[PlyCount "99"]
[EventDate "2009.05.23"]
[EventType "tourn (blitz)"]

1. e4 {[%emt 0:00:03]} c5 {[%emt 0:00:01]} 2. Nf3 {[%emt 0:00:01]} Nc6 {[%emt
0:00:01]} 3. d4 {[%emt 0:00:00]} cxd4 {[%emt 0:00:01]} 4. Nxd4 {[%emt 0:00:00]}
Nf6 {[%emt 0:00:01]} 5. Nc3 {[%emt 0:00:00]} d6 {[%emt 0:00:01]} 6. Bc4 {[%emt
0:00:02]} e6 {[%emt 0:00:01]} 7. Be3 {[%emt 0:00:01]} Be7 {[%emt 0:00:01]} 8.
Qe2 {[%emt 0:00:01]} Bd7 {[%emt 0:00:01]} 9. O-O-O {[%emt 0:00:01]} Rc8 {[%emt
0:00:01]} 10. Bb3 {[%emt 0:00:03]} Na5 {[%emt 0:00:02]} 11. f3 {[%emt 0:00:02]}
Nxb3+ {[%emt 0:00:04]} 12. axb3 {[%emt 0:00:04]} Qa5 {[%emt 0:00:01]} 13. Kb1 {
[%emt 0:00:01]} O-O {[%emt 0:00:20]} 14. g4 {[%emt 0:00:01]} Ne8 {[%emt 0:00:
11]} 15. h4 {[%emt 0:00:04]} Nc7 {[%emt 0:00:01]} 16. g5 {[%emt 0:00:08]} Na6 {
[%emt 0:00:01]} 17. h5 {[%emt 0:00:35]} Bxg5 {[%emt 0:00:03]} 18. Bxg5 {[%emt
0:00:03]} Qxg5 {[%emt 0:00:01]} 19. Rhg1 {[%emt 0:00:03]} Qf6 {[%emt 0:00:01]}
20. Qe3 {[%emt 0:00:13]} Nb4 {[%emt 0:00:04]} 21. f4 {[%emt 0:00:05]} Rc5 {
[%emt 0:00:01]} 22. Nf3 {[%emt 0:00:11]} Rxh5 {[%emt 0:00:02]} 23. e5 {[%emt 0:
00:07]} Qe7 {[%emt 0:00:22]} 24. exd6 {[%emt 0:00:08]} Qf6 {[%emt 0:00:01]} 25.
Ne5 {[%emt 0:00:02]} Bc6 {[%emt 0:00:02]} 26. Qd4 {[%emt 0:00:31]} a5 {[%emt 0:
00:03]} 27. Nxc6 {[%emt 0:00:02]} Qxd4 {[%emt 0:00:12]} 28. Nxd4 {[%emt 0:00:
01]} Rd8 {[%emt 0:00:00]} 29. Ndb5 {[%emt 0:00:02]} Rd7 {[%emt 0:00:02]} 30.
Rd4 {[%emt 0:00:11]} b6 {[%emt 0:00:02]} 31. Nc7 {[%emt 0:00:08]} Kf8 {[%emt 0:
00:05]} 32. Rgd1 {[%emt 0:00:02]} Rf5 {[%emt 0:00:02]} 33. Na8 {[%emt 0:00:02]}
Nc6 {[%emt 0:00:04]} 34. R4d2 {[%emt 0:00:06]} b5 {[%emt 0:00:03]} 35. Nc7 {
[%emt 0:00:08]} h5 {[%emt 0:00:03]} 36. N7xb5 {[%emt 0:00:07]} Rxf4 {[%emt 0:
00:04]} 37. Na4 {[%emt 0:00:02]} Rf5 {[%emt 0:00:05]} 38. Nb6 {[%emt 0:00:03]}
Rd8 {[%emt 0:00:01]} 39. c4 {[%emt 0:00:01]} h4 {[%emt 0:00:01]} 40. d7 {[%emt
0:00:01]} g5 {[%emt 0:00:03]} 41. Nd6 {[%emt 0:00:01]} Rf4 {[%emt 0:00:04]} 42.
Nb7 {[%emt 0:00:02]} g4 {[%emt 0:00:02]} 43. Rd6 {[%emt 0:00:03]} Ne5 {[%emt 0:
00:14]} 44. Nxd8 {[%emt 0:00:02]} Nxd7 {[%emt 0:00:01]} 45. Rxd7 {[%emt 0:00:
01]} h3 {[%emt 0:00:02]} 46. c5 {[%emt 0:00:11]} h2 {[%emt 0:00:01]} 47. c6 {
[%emt 0:00:01]} g3 {[%emt 0:00:00]} 48. c7 {[%emt 0:00:01]} g2 {[%emt 0:00:02]}
49. c8=Q {[%emt 0:00:01]} Kg7 {[%emt 0:00:01]} 50. Nxe6+ {[%emt 0:00:02]
-st!er- resigns} 1-0

[Event "Qualifyer Villarobledo - Final"]
[Site "playchess.com #155699"]
[Date "2009.05.23"]
[Round "3"]
[White "Unicorn"]
[Black "Us6"]
[Result "0-1"]
[WhiteElo "2592"]
[BlackElo "2617"]
[PlyCount "128"]
[EventDate "2009.05.23"]
[EventType "tourn (blitz)"]

1. d4 {[%emt 0:00:01]} d5 {[%emt 0:00:02]} 2. c4 {[%emt 0:00:01]} c6 {[%emt 0:
00:01]} 3. Nf3 {[%emt 0:00:01]} Nf6 {[%emt 0:00:01]} 4. Nc3 {[%emt 0:00:01]} a6
{[%emt 0:00:01]} 5. c5 {[%emt 0:00:01]} Nbd7 {[%emt 0:00:01]} 6. Bf4 {[%emt 0:
00:01]} g6 {[%emt 0:00:00]} 7. Rc1 {[%emt 0:00:01]} Bg7 {[%emt 0:00:01]} 8. e3
{[%emt 0:00:01]} O-O {[%emt 0:00:01]} 9. Be2 {[%emt 0:00:01]} Nh5 {[%emt 0:00:
05]} 10. O-O {[%emt 0:00:01]} Nxf4 {[%emt 0:00:02]} 11. exf4 {[%emt 0:00:00]}
Nf6 {[%emt 0:00:01]} 12. b4 {[%emt 0:00:01]} Bf5 {[%emt 0:00:01]} 13. Ne5 {
[%emt 0:00:01]} Ne4 {[%emt 0:00:02]} 14. Nxe4 {[%emt 0:00:05]} Bxe4 {[%emt 0:
00:01]} 15. Bf3 {[%emt 0:00:12]} Bxf3 {[%emt 0:00:07]} 16. Qxf3 {[%emt 0:00:00]
} a5 {[%emt 0:00:10]} 17. Rb1 {[%emt 0:00:10]} axb4 {[%emt 0:00:04]} 18. Rxb4 {
[%emt 0:00:03]} Ra7 {[%emt 0:00:30]} 19. Qb3 {[%emt 0:00:03]} f6 {[%emt 0:00:
03]} 20. Nd3 {[%emt 0:00:08]} Qa8 {[%emt 0:00:03]} 21. a4 {[%emt 0:00:01]} Rc8
{[%emt 0:00:11]} 22. Rb1 {[%emt 0:00:05]} Rc7 {[%emt 0:00:01]} 23. g3 {[%emt 0:
00:01]} Qc8 {[%emt 0:00:03]} 24. Qd1 {[%emt 0:00:29]} f5 {[%emt 0:00:04]} 25.
Ne5 {[%emt 0:00:02]} Bxe5 {[%emt 0:00:01]} 26. fxe5 {[%emt 0:00:01]} Qa8 {
[%emt 0:00:03]} 27. e6 {[%emt 0:00:12]} Qf8 {[%emt 0:00:06]} 28. Qd2 {[%emt 0:
00:04]} Qf6 {[%emt 0:00:11]} 29. Qe3 {[%emt 0:00:11]} Kg7 {[%emt 0:00:06]} 30.
Qf4 {[%emt 0:00:14]} Rc8 {[%emt 0:00:04]} 31. Rxb7 {[%emt 0:00:03]} Rxa4 {
[%emt 0:00:03]} 32. Qe5 {[%emt 0:00:26]} Re8 {[%emt 0:00:26]} 33. R7b4 {[%emt
0:00:43]} Qxe5 {[%emt 0:00:28]} 34. dxe5 {[%emt 0:00:01]} Rxb4 {[%emt 0:00:01]}
35. Rxb4 {[%emt 0:00:00]} Rd8 {[%emt 0:00:01]} 36. Rb7 {[%emt 0:00:02]} Kf8 {
[%emt 0:00:04]} 37. Rc7 {[%emt 0:00:06]} d4 {[%emt 0:00:01]} 38. Rd7 {[%emt 0:
00:01]} Ke8 {[%emt 0:00:02]} 39. Ra7 {[%emt 0:00:27]} d3 {[%emt 0:00:02]} 40.
Ra1 {[%emt 0:00:01]} d2 {[%emt 0:00:01]} 41. Rd1 {[%emt 0:00:01]} Rd5 {[%emt 0:
00:03]} 42. f4 {[%emt 0:00:01]} Kd8 {[%emt 0:00:18]} 43. Kf2 {[%emt 0:00:01]}
Kc7 {[%emt 0:00:01]} 44. Ke3 {[%emt 0:00:02]} Kb7 {[%emt 0:00:02]} 45. Rxd2 {
[%emt 0:00:15]} Rxd2 {[%emt 0:00:01]} 46. Kxd2 {[%emt 0:00:00]} Ka6 {[%emt 0:
00:00]} 47. Kc3 {[%emt 0:00:02]} Kb5 {[%emt 0:00:01]} 48. Kd4 {[%emt 0:00:00]}
Kb4 {[%emt 0:00:01]} 49. h3 {[%emt 0:00:01]} h5 {[%emt 0:00:02]} 50. Kd3 {
[%emt 0:00:03]} Kxc5 {[%emt 0:00:01]} 51. Kc3 {[%emt 0:00:01]} Kd5 {[%emt 0:00:
01]} 52. Kd3 {[%emt 0:00:02]} c5 {[%emt 0:00:01]} 53. Kc3 {[%emt 0:00:01]} h4 {
[%emt 0:00:09]} 54. gxh4 {[%emt 0:00:01]} Ke4 {[%emt 0:00:01]} 55. Kc4 {[%emt
0:00:02]} Kxf4 {[%emt 0:00:01]} 56. Kxc5 {[%emt 0:00:01]} Kxe5 {[%emt 0:00:01]}
57. Kc4 {[%emt 0:00:01]} Kxe6 {[%emt 0:00:01]} 58. Kd4 {[%emt 0:00:00]} Kf6 {
[%emt 0:00:01]} 59. Ke3 {[%emt 0:00:01]} e5 {[%emt 0:00:01]} 60. Kf3 {[%emt 0:
00:02]} Kg7 {[%emt 0:00:01]} 61. Ke3 {[%emt 0:00:01]} Kh6 {[%emt 0:00:00]} 62.
Kf3 {[%emt 0:00:00]} Kh5 {[%emt 0:00:00]} 63. Kg3 {[%emt 0:00:00]} e4 {[%emt 0:
00:00]} 64. Kf4 {[%emt 0:00:02]} Kxh4 {[%emt 0:00:01] Unicorn resigns  (Lag:
Av=0.45s, max=1.4s)} 0-1